000 00402nam a2200169Ia 4500
008 230524s9999 xx 000 0 und d
020 _a9780198085423
082 _a526.9076
_bSUB
100 _aR.Subramanian
245 0 _aSurveying and Levelling
250 _a2
260 _aNew Delhi
_bOxford
_c2014
300 _a"VII,934p;"
500 _aQuantity Number: 15
650 _aCivil
942 _cBK
999 _c54776
_d54776